La de imprensa (Record no. 60923)
[ view plain ]
| 000 -LEADER | |
|---|---|
| fixed length control field | 00591nam a22001817a 4500 |
| 005 - DATE AND TIME OF LATEST TRANSACTION | |
| control field | 20230330084723.0 |
| 008 - FIXED-LENGTH DATA ELEMENTS--GENERAL INFORMATION | |
| fixed length control field | 230113b bl ||||| |||| 00| 0 por d |
| 020 ## - INTERNATIONAL STANDARD BOOK NUMBER | |
| International Standard Book Number | 857453532X |
| 050 04 - LIBRARY OF CONGRESS CALL NUMBER | |
| Classification number | KHD3015.A35.1967 |
| Item number | B37 2005 |
| 100 1# - MAIN ENTRY--PERSONAL NAME | |
| Personal name | Barretto, Carlos Roberto |
| 245 14 - TITLE STATEMENT | |
| Title | La de imprensa |
| Remainder of title | : interpretada pelos tribuunais |
| Statement of responsibility, etc | / Calos Roberto Barreto. |
| 250 ## - EDITION STATEMENT | |
| Edition statement | 2a ed. |
| Remainder of edition statement | aumentada |
| 260 ## - PUBLICATION, DISTRIBUTION, ETC. (IMPRINT) | |
| Place of publication, distribution, etc | Sao Paulo : |
| Name of publisher, distributor, etc | Juárez de Oliveira, |
| Date of publication, distribution, etc | 2005 |
| 300 ## - PHYSICAL DESCRIPTION | |
| Extent | xii, 635 p. ; |
| Dimensions | 23 cm. |
| 500 ## - GENERAL NOTE | |
| General note | Incluye índiece |
| 650 #7 - SUBJECT ADDED ENTRY--TOPICAL TERM | |
| Source of heading or term | lemb |
| Topical term or geographic name as entry element | Libertad de prensa |
| General subdivision | Legislación |
| Geographic subdivision | Brasil |
| 942 ## - ADDED ENTRY ELEMENTS (KOHA) | |
| Source of classification or shelving scheme | Biblioteca del Cogreso de los Estados Unidos |
| Koha item type | Libro |
| Estado de pérdida | Fuente de clasificación | Estado del daño | No para préstamo | Ubicación permanente | Ubicación actual | Apartado o colección | Fecha de adquisición | Fuente de adquisición | Edición | Área del conocimiento | Clasificación | Código de Barras | Date last seen | Número de copia | Costo por reposición | Tipo de recurso |
|---|---|---|---|---|---|---|---|---|---|---|---|---|---|---|---|---|
| Biblioteca del Cogreso de los Estados Unidos | Biblioteca del Posgrado en Derecho | Biblioteca del Posgrado en Derecho | Colección Ernesto Villanueva | 30/03/2023 | Donación | 1a ed. | Ciencias Sociales y Administrativas | KHD3015.A35.1967 B37 2005 | BPD000001909 | 30/03/2023 | 1 | 1.00 | Libro |